Praxis Civil & Procesal Civil (Registro nro. 22573)

000 -Cabecera (24)
Campo de control interno 01142nas a22003494a 4500
001 - Número de control
Campo de control ESSALUD
005 - Fecha y hora de la
Campo de control 20260702105839.0
008 - Códigos de longitud fija (40p)
Campo de control de longitud fija m20092018pe qr r 0 0 spa d
022 ## - ISSN
ISSN 3119-7671
040 ## - Origen de la Catalogacion
Origen de la Catalogacion ESSALUD
041 ## - Código de idioma (R)
Código de lengua del texto/banda sonora o título independiente (R) spa
082 ## - Número de la Clasificación
Número de la Clasificación PRACIV
245 ## - Titulo
Titulo Praxis Civil & Procesal Civil
260 ## - Editorial
Ciudad Lima
Nombre de la Editorial Grupo Praxis Formación Profesional, 2026-
362 ## - Fecha de publicación o designacion secuencial (semestral, anual, quincenal)
Fecha de publicación o designacion secuencial (semestral, anual, quincenal) Bimestral
500 ## - Nota General
Nota General Descripción basada en: N° 1, Año 1 (enero 2026)<br/>
650 ## - Temas - Descriptores
Temas - Descriptores DERECHO / ANÁLISIS, INTERPRETACIÓN
9 (RLIN) 37736
650 ## - Temas - Descriptores
Temas - Descriptores DERECHO CIVIL
9 (RLIN) 95
650 ## - Temas - Descriptores
Temas - Descriptores DERECHO PROCESAL CIVIL
9 (RLIN) 38566
650 ## - Temas - Descriptores
Temas - Descriptores DERECHO REGISTRAL
9 (RLIN) 170
650 ## - Temas - Descriptores
Temas - Descriptores DERECHO NOTARIAL
650 ## - Temas - Descriptores
Temas - Descriptores JURISPRUDENCIA
650 ## - Temas - Descriptores
Temas - Descriptores PUBLICACIONES PERIÓDICAS
9 (RLIN) 1041
650 ## - Temas - Descriptores
Temas - Descriptores PERÚ
9 (RLIN) 13
700 ## - Autor Personal
Autor Personal Torres Carrasco, Manuel Alberto, dir.
9 (RLIN) 46891
700 ## - Autor Personal
Autor Personal Castillo Freyre, Mario, dir
9 (RLIN) 52914
700 ## - Autor Personal
Autor Personal Espinoza Espinoza, Juan, dir.
9 (RLIN) 52915
700 ## - Autor Personal
Autor Personal Lohmann Luca De Tena, Juan G., dir.
9 (RLIN) 52916
700 ## - Autor Personal
Autor Personal Varsi Rospigliosi, Enrique, dir
9 (RLIN) 52917
700 ## - Autor Personal
Autor Personal Vidal Ramírez, Fernando, dir
9 (RLIN) 52918
942 ## - Elementos personalizados Koha
Tipo de Documento Títulos de Revistas
Fecha procesamiento 2026-06-30
Catalogador sqb
Existencias
Fuente de Clasificacion Coleccion Ubicacion permanente Ubicacion actual Fecha de adquisicion Numero / Cronológico Prestamos Signatura Topografica Codigo de barras Ultima fecha de verificacion Price effective from Tipo de Item
  Colección General Biblioteca Central ESSALUD Biblioteca Central ESSALUD 01.01.2026 Año 1, N° 1 (Enero 2026)   PRACIV PRACIV001 30.06.2026 30.06.2026 Títulos de Revistas
  Colección General Biblioteca Central ESSALUD Biblioteca Central ESSALUD 01.07.2026 Año 1, N° 2 (Marzo 2026)   PRACIV PRACIV002 01.07.2026 01.07.2026 Títulos de Revistas